[Event "Salon de Provence op 7th"]
[Site "Salon de Provence"]
[Date "2016.07.10"]
[Round "3"]
[White "Sanchez, Frederic"]
[Black "Khalifah, Khaled"]
[Result "1/2-1/2"]
[WhiteElo "1732"]
[BlackElo "1486"]
[PlyCount "58"]
[EventDate "2016.07.09"]
[EventType "swiss"]
[EventRounds "9"]
[EventCountry "FRA"]
[SourceTitle "EXT 2019"]
[Source "ChessBase"]
[SourceDate "2018.10.10"]
[SourceVersion "1"]
[SourceVersionDate "2018.10.10"]
[SourceQuality "1"]

1. d4 d5 2. c4 e6 3. Nf3 Nf6 4. g3 c6 5. Bg2 Be7 6. 0-0 0-0 7. Nc3 h6 8. Re1 Bb4 9. Qb3 Bxc3 10. Qxc3 Ne4 11. Qc2 f5 12. Nd2 Nd7 13. f3 Nef6 14. e4 fxe4 15. fxe4 Ng4 16. Nf3 dxe4 17. Rxe4 Ndf6 18. Re2 Ne8 19. Bf4 Nd6 20. Rd1 Nf5 21. Bh3 Nf6 22. Bxf5 exf5 23. Be5 Ng4 24. Nh4 Nxe5 25. Rxe5 Qg5 26. Rf1 g6 27. c5 Kg7 28. Qe2 Rf7 29. Re8 f4 1/2-1/2

[Event "Salon de Provence op 6th"]
[Site "Salon de Provence"]
[Date "2015.07.04"]
[Round "8"]
[White "Morris, Keith"]
[Black "Sanchez, Frederic"]
[Result "0-1"]
[WhiteElo "1715"]
[BlackElo "1738"]
[PlyCount "48"]
[EventDate "2015.07.04"]
[EventType "swiss"]
[EventRounds "9"]
[EventCountry "FRA"]
[SourceTitle "EXT 2016"]
[Source "ChessBase"]
[SourceDate "2015.10.08"]
[SourceVersion "1"]
[SourceVersionDate "2015.10.08"]
[SourceQuality "1"]

1. e4 c6 2. c4 d5 3. d4 dxe4 4. Nc3 Nf6 5. Bg5 Bg4 6. Be2 Bxe2 7. Ngxe2 Nbd7 8. 0-0 h6 9. Bxf6 Nxf6 10. Qc2 Qc7 11. Nxe4 0-0-0 12. b4 e5 13. Nxf6 gxf6 14. Qf5+ Kb8 15. dxe5 Qxe5 16. Qxe5+ fxe5 17. c5 Rd2 18. Ng3 Be7 19. a4 Rhd8 20. b5 cxb5 21. Ne4 R2d4 22. Nc3 b4 23. Nb5 Rd3 24. Rab1 Bxc5 0-1

[Event "Marseille op 4th"]
[Site "Marseille"]
[Date "2011.12.28"]
[Round "5"]
[White "Sanchez, Frederic"]
[Black "Sivan, Michel"]
[Result "1/2-1/2"]
[WhiteElo "1684"]
[BlackElo "1836"]
[PlyCount "40"]
[EventDate "2011.12.26"]
[EventType "swiss"]
[EventRounds "9"]
[EventCountry "FRA"]
[SourceTitle "CBM 146 Extra"]
[Source "ChessBase"]
[SourceDate "2012.02.29"]
[SourceVersion "1"]
[SourceVersionDate "2012.02.29"]
[SourceQuality "1"]

1. d4 Nf6 2. Bf4 d6 3. e3 g6 4. Nf3 Bg7 5. c3 0-0 6. Nbd2 b6 7. Be2 Bb7 8. 0-0 Nbd7 9. h3 Re8 10. Qb3 c5 11. Rfd1 Rc8 12. a4 a6 13. Bc4 d5 14. Bf1 cxd4 15. exd4 Nb8 16. Ne5 Nh5 17. Bh2 Nc6 18. Nxc6 Rxc6 19. Nf3 Nf6 20. Ne5 Rc8 1/2-1/2

[Event "Marseille op 4th"]
[Site "Marseille"]
[Date "2011.12.26"]
[Round "1"]
[White "Sanchez, Frederic"]
[Black "Guedon, Stephane"]
[Result "0-1"]
[WhiteElo "1684"]
[BlackElo "2238"]
[PlyCount "40"]
[EventDate "2011.12.26"]
[EventType "swiss"]
[EventRounds "9"]
[EventCountry "FRA"]
[SourceTitle "CBM 146 Extra"]
[Source "ChessBase"]
[SourceDate "2012.02.29"]
[SourceVersion "1"]
[SourceVersionDate "2012.02.29"]
[SourceQuality "1"]

1. d4 Nf6 2. Bf4 c5 3. e3 b6 4. Nd2 Bb7 5. Ngf3 g6 6. c3 Bg7 7. Be2 d6 8. 0-0 0-0 9. h3 Nbd7 10. Qb3 Qc7 11. a4 a6 12. Rfc1 e5 13. dxe5 dxe5 14. Bh2 Qc6 15. Bf1 e4 16. Ne5 Nxe5 17. Bxe5 Rfe8 18. Bh2 Nd7 19. Bc4 Re7 20. Bd5 Qxd5 0-1

[Event "Salon de Provence op 4th"]
[Site "Salon de Provence"]
[Date "2009.04.25"]
[Round "2"]
[White "Girard, Jean Pierre"]
[Black "Sanchez, Frederic"]
[Result "1-0"]
[WhiteElo "1944"]
[BlackElo "1300"]
[PlyCount "57"]
[EventDate "2009.04.24"]
[EventType "swiss"]
[EventRounds "7"]
[EventCountry "FRA"]
[SourceTitle "EXT 2010"]
[Source "ChessBase"]
[SourceDate "2010.11.25"]
[SourceVersion "1"]
[SourceVersionDate "2010.11.25"]
[SourceQuality "1"]

1. e4 d5 2. exd5 Qxd5 3. d4 c6 4. Nf3 Nf6 5. Be2 Bf5 6. 0-0 Qa5 7. c4 e6 8. Nc3 Nbd7 9. Bf4 Nh5 10. Be3 Qc7 11. d5 Be7 12. Nd4 Nhf6 13. Nxf5 exf5 14. Qd3 Bd6 15. h3 g6 16. Bh6 Bh2+ 17. Kh1 Bf4 18. Bg7 Rg8 19. Bxf6 Nxf6 20. Bf3 0-0-0 21. Qd4 Be5 22. Qxa7 c5 23. Nb5 Qe7 24. Rfd1 Bb8 25. Qa8 Qe5 26. d6 Ne4 27. Kg1 Rd7 28. Na7+ Kd8 29. Qxb8# 1-0

[Event "Salon de Provence op 3rd"]
[Site "Salon de Provence"]
[Date "2008.04.15"]
[Round "2"]
[White "Montesinos, Marc"]
[Black "Sanchez, Frederic"]
[Result "1-0"]
[WhiteElo "1700"]
[BlackElo "1199"]
[PlyCount "55"]
[EventDate "2008.04.14"]
[EventType "swiss"]
[EventRounds "7"]
[EventCountry "FRA"]
[SourceTitle "CBM 123 Extra"]
[Source "ChessBase"]
[SourceDate "2008.05.06"]
[SourceVersion "1"]
[SourceVersionDate "2008.05.06"]
[SourceQuality "1"]

1. e4 g6 2. Nc3 Bg7 3. Nge2 d6 4. g3 Nd7 5. Bg2 Ngf6 6. 0-0 0-0 7. f4 e5 8. f5 Nc5 9. d3 b6 10. h3 Bb7 11. g4 d5 12. g5 Ne8 13. f6 Bh8 14. Nxd5 Bxd5 15. exd5 Nd6 16. Ng3 e4 17. dxe4 Ncxe4 18. Nxe4 Nxe4 19. Bxe4 Qe8 20. Qf3 Qe5 21. c3 Rfe8 22. Re1 Rac8 23. Bf4 Qxe4 24. Rxe4 Red8 25. Rae1 Kf8 26. Qe3 Re8 27. Rxe8+ Rxe8 28. Qxe8# 1-0